00369nam a2200121Ia 4500003000400000008004100004040001600045082002000061245009000081260006100171300001000232490000500242GCL140319s9999 xx 000 0 ara d aGCL / cGCL04a953.0711bح ث10aثورات البربر فى الاندلس فى عصر الامارة الاموية a[S.N] : bمؤسسة شباب الجامعة ، c1993 a88 ص a